000
00338nam a2200145Ia 4500
008
150201s2006 xx 000 0 und d
082
_a
615
_b
B06L
100
_a
LARSON,RS
245
_a
BIOINFORMATICS AND DRUG DISCOVERY
250
_a
1ST
260
_b
HUMANA
_a
TOTOWA
_c
2006
300
_a
1-444
650
_a
PHARMACOLOGY
942
_2
ddc
_c
BK
999
_c
421
_d
421